The Killers song name by lyric - hard - Statistics

General Stats
  • This quiz has been taken 14 times
  • The average score is 10 of 16
Answer Stats
Hint Answer % Correct
Her momma was a dancer, and that's all that she knew. Cause when you live in the desert, it's what pretty girls do. Caution
90%
Swimming through sick lullabies, choking on your alibis. Mr. Brightside
90%
We're burning down the highway skyline, on the back of a hurricane... When you were young
90%
These changes ain't changing me, the cold-hearted boy that I used to be. All these things that I've done
80%
Give my condolences to soul and romance. They always did the best they could. Human
80%
It feels just like a dagger buried deep in your back. You run for cover but you can't escape the second attack. Miss atomic bomb
80%
I pull up to the front of your driveway, with magic soaking my spine. Read my mind
80%
But my heart, it don't beat. It don't beat the way it used to. For reasons unknown
70%
I went to see a fortune teller, that was a trip. Maybe this confusion's got me losing my grip. Just another girl
70%
And you know I'm fine, but I hear those voices at night sometimes. They justify my claim. Spaceman
70%
And the deckades disappear like sinking ships, but we perservere Dustland fairytale
50%
Can you cast out a demon, can you wrangle the wind? Blowback
40%
And all I do is miss you and the way we used to be. And all I do is keep the beat, the bad company. Romeo and Juliet
40%
When I saw him go down, felt like somebody lied. I had to hold my breath till the coast was clear Tyson vs Douglas
30%
Another boy in the bag, another stain on the flag. Land of the free
20%
You better run for the hills before they burn. Listen to the sound of the world, don't watch it turn. This river is wild
20%
No matching quizzes found
Score Distribution
Percent of People with Each Score
Percentile by Number Answered
Your Score History
You have not taken this quiz